[Event "7MCRV_F"]
[Site "?"]
[Date "2007.??.??"]
[Round "?"]
[White "Kuchta, Jiri"]
[Black "Novak, Vratislav"]
[Result "1/2-1/2"]
[WhiteElo "2244"]
[BlackElo "2288"]
[PlyCount "63"]
[EventDate "2007.??.??"]
[EventType "corr"]
[SourceDate "2007.09.24"]

1. Nf3 d5 2. d4 Nf6 3. e3 c5 4. dxc5 e6 5. c4 Bxc5 6. cxd5 exd5 7. Be2 O-O 8.
O-O Nc6 9. Nc3 a6 10. Qc2 Qe7 11. Rd1 Be6 12. a3 Rac8 13. b4 Ba7 14. b5 axb5
15. Qb1 Bc5 16. Bb2 Ne4 17. Nxe4 dxe4 18. Qxe4 b4 19. axb4 Bxb4 20. Qf4 Rfd8
21. Qg3 f6 22. Qh4 Rxd1+ 23. Rxd1 Rd8 24. Nd4 Nxd4 25. Bxd4 Bc5 26. Bd3 h6 27.
Bxc5 Qxc5 28. Qe4 Kf8 29. Qxe6 Rxd3 30. Ra1 Ra3 31. Rd1 Rd3 32. Ra1 1/2-1/2

[Event "7MCRV_F"]
[Site "?"]
[Date "2007.??.??"]
[Round "?"]
[White "Kuchta, Jiri"]
[Black "Pytlik, Lesek"]
[Result "0-1"]
[WhiteElo "2244"]
[BlackElo "2383"]
[PlyCount "120"]
[EventDate "2007.??.??"]
[EventType "corr"]
[SourceDate "2007.09.24"]

1. Nf3 Nf6 2. d4 c5 3. dxc5 e6 4. Bf4 Bxc5 5. e3 O-O 6. Bd3 b6 7. O-O Bb7 8.
Nc3 d6 9. a3 a5 10. Qe2 e5 11. Bg5 Nbd7 12. e4 h6 13. Bh4 Qc8 14. Nd2 a4 15.
Qf3 Ba6 16. Nb5 Qc6 17. c4 Nh7 18. Qd1 Bxb5 19. cxb5 Qb7 20. Rc1 Rfc8 21. Re1
Rc7 22. Rc4 Nhf6 23. Rxa4 Rxa4 24. Qxa4 Bd4 25. Qd1 Bxb2 26. Nc4 Bc3 27. Nxd6
Qa7 28. Rf1 Qxa3 29. Nf5 Bb4 30. Ne3 Rc3 31. Bb1 Be7 32. Bg3 Qb3 33. Bc2 Qb4
34. Qe2 Bc5 35. Rb1 Qa5 36. Nd5 Nxd5 37. exd5 g6 38. Be4 Qa3 39. Rd1 Bd4 40.
Qd2 Nf6 41. Bf3 Qc5 42. d6 Rc2 43. Qxh6 Bxf2+ 44. Kh1 Bd4 45. Bh4 Qxd6 46. Bg5
Qe6 47. Qh4 Ne8 48. h3 Qb3 49. Bc6 Ng7 50. Rxd4 exd4 51. Qxd4 Ne6 52. Qxb6 Qg3
53. Be3 Re2 54. Bf3 Re1+ 55. Bg1 Kg7 56. Bd5 Nf4 57. Qd4+ Kh7 58. Qf6 Nxd5 59.
Qxf7+ Kh6 60. Qf8+ Kg5 0-1

[Event "7MCRV_F"]
[Site "?"]
[Date "2007.??.??"]
[Round "?"]
[White "Kuchta, Jiri"]
[Black "Strnad, Jiri"]
[Result "1/2-1/2"]
[WhiteElo "2244"]
[BlackElo "2258"]
[PlyCount "77"]
[EventDate "2007.??.??"]
[EventType "corr"]
[SourceDate "2007.09.24"]

1. Nf3 d5 2. d4 Nf6 3. e3 e6 4. c4 Be7 5. Nc3 O-O 6. cxd5 exd5 7. Bd3 c6 8. O-O
Bg4 9. h3 Bh5 10. Qc2 Bxf3 11. gxf3 Na6 12. Bxa6 bxa6 13. Ne2 Qd7 14. Kg2 Rab8
15. Bd2 Rfc8 16. Rg1 Bd6 17. Bc3 Re8 18. Ng3 g6 19. Rac1 Rb5 20. b3 Rc8 21. Qd3
Re8 22. Ne2 Nh5 23. Bd2 Ng7 24. e4 dxe4 25. fxe4 Ne6 26. Rgd1 Ba3 27. Rc2 Nc5
28. Qc3 Nxe4 29. Qxc6 Qd8 30. Be3 Rf5 31. d5 Bd6 32. Nd4 Rf6 33. Qc4 Bf4 34.
Nc6 Qc7 35. Rd4 Nd6 36. Bxf4 Rxf4 37. Qxa6 Rxd4 38. Nxd4 Qe7 39. Nf3 1/2-1/2

[Event "7MCRV_F"]
[Site "?"]
[Date "2007.??.??"]
[Round "?"]
[White "Kuchta, Jiri"]
[Black "Sykora, Josef"]
[Result "0-1"]
[WhiteElo "2244"]
[BlackElo "2366"]
[PlyCount "106"]
[EventDate "2007.??.??"]
[EventType "corr"]
[SourceDate "2007.09.24"]

1. Nf3 d5 2. d4 c6 3. e3 Nf6 4. c4 a6 5. Qc2 Bg4 6. Ne5 Bh5 7. Qb3 Qc7 8. cxd5
cxd5 9. Bd2 e6 10. Na3 Nc6 11. Nxc6 bxc6 12. Rc1 Be7 13. Bd3 O-O 14. Qa4 Rfb8
15. b3 Qd7 16. f3 Bg6 17. Bxg6 hxg6 18. O-O c5 19. Qxd7 Nxd7 20. Nc2 a5 21. Rb1
Rb6 22. Rfc1 a4 23. dxc5 Nxc5 24. bxa4 Nxa4 25. Nb4 Rab8 26. a3 Nc5 27. Rc3 Na6
28. Rcb3 Bd6 29. Be1 f6 30. h3 Kf7 31. Kf1 g5 32. Ke2 Kg6 33. Bc3 Nc5 34. Bd4
Rb5 35. Bxc5 Bxc5 36. Rd1 f5 37. Rdb1 Bd6 38. Kd3 Kh5 39. R1b2 Kh4 40. e4 dxe4+
41. fxe4 f4 42. Ke2 g4 43. hxg4 Kxg4 44. Kd1 Bc5 45. Kc2 Be3 46. Kb1 Rh5 47.
Re2 Kg3 48. Ka2 Rh2 49. Rbb2 g5 50. Rbc2 g4 51. Nd3 Bd4 52. Nc1 e5 53. a4 f3
0-1

[Event "7MCRV_F"]
[Site "?"]
[Date "2007.??.??"]
[Round "?"]
[White "Kuta, Jiri"]
[Black "Batka, Josef"]
[Result "1-0"]
[WhiteElo "2328"]
[BlackElo "2285"]
[PlyCount "69"]
[EventDate "2007.??.??"]
[EventType "corr"]
[SourceDate "2007.09.24"]

1. e4 c5 2. Nf3 Nc6 3. d4 cxd4 4. Nxd4 Nf6 5. Nc3 e5 6. Ndb5 d6 7. Bg5 a6 8.
Na3 b5 9. Bxf6 gxf6 10. Nd5 f5 11. c3 Bg7 12. Bd3 Be6 13. Nxb5 axb5 14. Bxb5
Bd7 15. exf5 O-O 16. O-O e4 17. Re1 Re8 18. a4 Rc8 19. a5 Re5 20. a6 Ra8 21. c4
Rxf5 22. Rxe4 Re5 23. Rxe5 Bxe5 24. Ra2 Qg5 25. b4 Bg4 26. Qf1 Na7 27. f4 Bd4+
28. Kh1 Qh4 29. Ba4 Nc8 30. Bc6 Ra7 31. Rd2 Rxa6 32. Rxd4 Rxc6 33. b5 Rc5 34.
f5 Rxd5 35. Rxd5 1-0

[Event "7MCRV_F"]
[Site "?"]
[Date "2007.??.??"]
[Round "?"]
[White "Kuta, Jiri"]
[Black "Brousek, Jiri"]
[Result "1-0"]
[WhiteElo "2328"]
[BlackElo "2308"]
[PlyCount "63"]
[EventDate "2007.??.??"]
[EventType "corr"]
[SourceDate "2007.09.24"]

1. e4 e6 2. d4 d5 3. Nc3 Nf6 4. Bg5 Be7 5. e5 Nfd7 6. Bxe7 Qxe7 7. f4 O-O 8.
Nf3 f6 9. exf6 Nxf6 10. Bd3 c5 11. dxc5 Qxc5 12. Qd2 Nc6 13. O-O-O Bd7 14. Rhe1
a6 15. Kb1 Rae8 16. g3 b5 17. h3 b4 18. Na4 Qa5 19. b3 Kh8 20. Qf2 d4 21. Bc4
Ne7 22. Ka1 Bxa4 23. bxa4 Qc7 24. Bb3 Qc3+ 25. Kb1 Ned5 26. Rxd4 Qc6 27. Kc1
Qc3 28. Rd3 Qc6 29. Qd4 Rc8 30. Ng5 Nc3 31. g4 Nxa4 32. Rxe6 1-0

[Event "7MCRV_F"]
[Site "?"]
[Date "2007.??.??"]
[Round "?"]
[White "Kuta, Jiri"]
[Black "Jirku, Jaroslav"]
[Result "1/2-1/2"]
[WhiteElo "2328"]
[BlackElo "2299"]
[PlyCount "81"]
[EventDate "2007.??.??"]
[EventType "corr"]
[SourceDate "2007.09.24"]

1. e4 e5 2. Nf3 Nc6 3. Bb5 a6 4. Ba4 Nf6 5. O-O Be7 6. Re1 b5 7. Bb3 O-O 8. h3
d6 9. c3 Nb8 10. d4 Nbd7 11. Nbd2 Bb7 12. Bc2 Re8 13. Nf1 Bf8 14. Ng3 g6 15. a4
c5 16. d5 c4 17. Bg5 h6 18. Be3 Nc5 19. Qd2 h5 20. Bg5 Be7 21. Bh6 Nh7 22. Ra3
Rb8 23. Rea1 Bc8 24. axb5 axb5 25. Ra7 Bb7 26. Be3 Qb6 27. R1a3 Nf6 28. Qc1
Nfd7 29. Qa1 Bf8 30. R3a5 Kh7 31. Nh4 Rec8 32. Nhf5 gxf5 33. Nxf5 Nf6 34. Qc1
Kh8 35. Qd1 Ra8 36. Rxa8 Rxa8 37. Rxa8 Bxa8 38. Qf3 Qd8 39. Ng3 Ncd7 40. Nxh5
Nxh5 41. Qxh5+ 1/2-1/2

[Event "7MCRV_F"]
[Site "?"]
[Date "2007.??.??"]
[Round "?"]
[White "Kuta, Jiri"]
[Black "Kuchta, Jiri"]
[Result "1-0"]
[WhiteElo "2328"]
[BlackElo "2244"]
[PlyCount "60"]
[EventDate "2007.??.??"]
[EventType "corr"]
[SourceDate "2007.09.24"]

1. e4 e5 2. Nf3 Nc6 3. Bb5 a6 4. Ba4 Nf6 5. O-O Be7 6. Re1 b5 7. Bb3 O-O 8. h3
Bb7 9. d3 d6 10. a3 Nb8 11. Nbd2 Nbd7 12. Nf1 c5 13. Ng3 Qc7 14. Nf5 Rfe8 15.
Bxf7+ Kxf7 16. Ng5+ Kg8 17. Ne6 Qb6 18. Nexg7 Reb8 19. Qf3 Kf7 20. Qg3 Bf8 21.
Qg5 c4 22. Be3 Qc6 23. f4 b4 24. axb4 a5 25. Nh6+ Ke7 26. Rf1 axb4 27. Rxa8
Rxa8 28. Ng8+ Kf7 29. fxe5 dxe5 30. Nxf6 Qxf6 1-0

[Event "7MCRV_F"]
[Site "?"]
[Date "2007.??.??"]
[Round "?"]
[White "Kuta, Jiri"]
[Black "Nejtek, Jiri"]
[Result "1/2-1/2"]
[WhiteElo "2328"]
[BlackElo "2375"]
[PlyCount "101"]
[EventDate "2007.??.??"]
[EventType "corr"]
[SourceDate "2007.09.24"]

1. e4 e5 2. Nf3 Nc6 3. Bb5 a6 4. Ba4 Nf6 5. O-O b5 6. Bb3 Bc5 7. a4 Rb8 8. c3
d6 9. d4 Bb6 10. Na3 O-O 11. axb5 axb5 12. Nxb5 Bg4 13. Re1 exd4 14. cxd4 Bxf3
15. gxf3 Nxd4 16. Nxd4 Bxd4 17. Bxf7+ Rxf7 18. Qxd4 Qd7 19. Ra3 Rbf8 20. Bd2
Qe6 21. f4 c5 22. Qd3 d5 23. exd5 Qxd5 24. Re5 Qd4 25. Qxd4 cxd4 26. Kg2 Rd7
27. Rd3 Rc8 28. Kf3 Kf7 29. Rb5 Rc6 30. Rb4 Rcd6 31. Rc4 Rd5 32. Bb4 Ke6 33. b3
Rh5 34. Kg2 Rb5 35. Ba3 Kf5 36. Kf3 g5 37. fxg5 Ng4 38. Ke2 Re5+ 39. Kf1 Red5
40. Rc8 Ne5 41. Rf8+ Kg6 42. Rd2 Rb5 43. f4 Rxb3 44. fxe5 Rxa3 45. h4 Kh5 46.
Rf4 Ra5 47. Rb2 h6 48. e6 Re7 49. gxh6 Kxh6 50. Rxd4 Rxe6 51. Kg2 1/2-1/2

[Event "7MCRV_F"]
[Site "?"]
[Date "2007.??.??"]
[Round "?"]
[White "Kuta, Jiri"]
[Black "Novak, Vratislav"]
[Result "1-0"]
[WhiteElo "2328"]
[BlackElo "2288"]
[PlyCount "101"]
[EventDate "2007.??.??"]
[EventType "corr"]
[SourceDate "2007.09.24"]

1. e4 e6 2. d4 d5 3. Nd2 c5 4. Ngf3 cxd4 5. exd5 Qxd5 6. Bc4 Qd6 7. O-O Nf6 8.
Nb3 Nc6 9. Nbxd4 Nxd4 10. Nxd4 a6 11. Re1 Qc7 12. Bb3 Bd6 13. g3 e5 14. Nf3 O-O
15. Bg5 Bg4 16. h3 Bh5 17. g4 Bg6 18. Nh4 Bc5 19. Qe2 Rfe8 20. Rad1 e4 21. Be3
Bxe3 22. Qxe3 Rad8 23. c3 b5 24. a3 Kf8 25. Rxd8 Rxd8 26. Rd1 Rxd1+ 27. Bxd1
Qc4 28. Be2 Qc6 29. Qd4 Ne8 30. c4 bxc4 31. Bxc4 h5 32. Nxg6+ Qxg6 33. Qc5+ Nd6
34. Kf1 e3 35. Qd4 exf2 36. Bxa6 Kg8 37. Bd3 Qh6 38. Kg2 Qc1 39. Bf1 Qc6+ 40.
Kxf2 hxg4 41. hxg4 Ne4+ 42. Kg1 Nf6 43. a4 Qe6 44. a5 Qe1 45. Qd8+ Kh7 46. Qd3+
Kg8 47. a6 Nxg4 48. Qf3 Qb4 49. Kh1 Qd4 50. a7 Nf2+ 51. Qxf2 1-0

[Event "7MCRV_F"]
[Site "?"]
[Date "2007.??.??"]
[Round "?"]
[White "Kuta, Jiri"]
[Black "Strnad, Jiri"]
[Result "1-0"]
[WhiteElo "2328"]
[BlackElo "2258"]
[PlyCount "199"]
[EventDate "2007.??.??"]
[EventType "corr"]
[SourceDate "2007.09.24"]

1. e4 c5 2. Nf3 d6 3. d4 cxd4 4. Nxd4 Nf6 5. Nc3 a6 6. Be3 e5 7. Nb3 Be6 8. f3
Be7 9. Qd2 d5 10. exd5 Nxd5 11. Nxd5 Qxd5 12. Qxd5 Bxd5 13. O-O-O Be6 14. Na5
b5 15. Bd3 f5 16. Rhe1 Nd7 17. Nc6 Kf7 18. Bd2 Rhc8 19. Nxe5+ Nxe5 20. Rxe5 g6
21. b3 Rc6 22. Kb1 Bf6 23. Ree1 Rd8 24. Bc1 Bh4 25. Re2 h5 26. Red2 Be7 27. Bf1
Rdc8 28. g3 Bb4 29. Re2 Rd6 30. Rxd6 Bxd6 31. Rd2 Be7 32. Bb2 h4 33. f4 g5 34.
Be2 hxg3 35. hxg3 Bb4 36. Rd3 gxf4 37. gxf4 Rg8 38. Bd4 Bd6 39. Bh5+ Ke7 40.
Bf6+ Kxf6 41. Rxd6 Rg1+ 42. Kb2 Rf1 43. Rxa6 Rxf4 44. Be8 Re4 45. Bd7 b4 46. c4
Ke7 47. Rxe6+ Rxe6 48. Bxe6 Kxe6 49. Kc2 Ke5 50. Kd3 Kf4 51. Kd4 Kg3 52. c5 f4
53. c6 f3 54. c7 f2 55. c8=Q f1=Q 56. Qc7+ Kg4 57. Qg7+ Kh5 58. Qe5+ Kg6 59.
Kc5 Qf2+ 60. Kxb4 Qxa2 61. Qd5 Qa6 62. Qb5 Qa7 63. Qc6+ Kh7 64. Kb5 Qb8+ 65.
Qb6 Qe8+ 66. Ka6 Kg8 67. b4 Qa8+ 68. Kb5 Qd5+ 69. Qc5 Qb7+ 70. Kc4 Qe4+ 71. Kc3
Qf3+ 72. Kd4 Qg4+ 73. Kd5 Qd7+ 74. Ke5 Qg7+ 75. Kd6 Qh6+ 76. Kc7 Qh7+ 77. Kb8
Qh2+ 78. Qc7 Qe2 79. Qc8+ Kf7 80. Qc6 Qb2 81. b5 Qh8+ 82. Kb7 Qb2 83. Qd7+ Kf6
84. b6 Kg5 85. Qa4 Kh5 86. Ka6 Qf6 87. Qb4 Qe6 88. Qc5+ Kh6 89. Ka7 Qa2+ 90.
Kb7 Qf7+ 91. Qc7 Qb3 92. Qe5 Qc4 93. Qf5 Qd4 94. Kc6 Qc3+ 95. Qc5 Qf3+ 96. Qd5
Qc3+ 97. Kd7 Qg7+ 98. Kd8 Qf8+ 99. Kc7 Qe7+ 100. Qd7 1-0

[Event "7MCRV_F"]
[Site "?"]
[Date "2007.??.??"]
[Round "?"]
[White "Kuta, Jiri"]
[Black "Valak, Alois"]
[Result "1-0"]
[WhiteElo "2328"]
[BlackElo "2361"]
[PlyCount "77"]
[EventDate "2007.??.??"]
[EventType "corr"]
[SourceDate "2007.09.24"]

1. e4 c5 2. Nf3 d6 3. d4 cxd4 4. Nxd4 Nf6 5. Nc3 a6 6. Be3 e6 7. f3 b5 8. g4
Be7 9. Qd2 Nfd7 10. O-O-O Bb7 11. a3 Ne5 12. g5 Nec6 13. f4 Nxd4 14. Bxd4 O-O
15. Qf2 Nd7 16. Rg1 b4 17. axb4 a5 18. b5 a4 19. Qg3 a3 20. b3 Qa5 21. Bc4 a2
22. Kb2 Nb6 23. Be2 Nd7 24. Ka1 e5 25. fxe5 dxe5 26. Bf2 Bb4 27. Na4 Qc7 28. c3
Rxa4 29. cxb4 Rxb4 30. Bc4 Rxc4 31. bxc4 Bxe4 32. c5 Rb8 33. b6 Qc6 34. Qe3 Bf5
35. Rd6 Qb5 36. Qc1 Kf8 37. Qb2 Qxb2+ 38. Kxb2 Ke7 39. Rgd1 1-0

[Event "7MCRV_F"]
[Site "?"]
[Date "2007.??.??"]
[Round "?"]
[White "Nejtek, Jiri"]
[Black "Batka, Josef"]
[Result "1-0"]
[WhiteElo "2375"]
[BlackElo "2285"]
[PlyCount "71"]
[EventDate "2007.??.??"]
[EventType "corr"]
[SourceDate "2007.09.24"]

1. c4 Nf6 2. d4 e6 3. Nc3 d5 4. cxd5 exd5 5. Bg5 Bb4 6. e3 h6 7. Bh4 g5 8. Bg3
Ne4 9. Qc2 Nc6 10. Bb5 Bxc3+ 11. bxc3 O-O 12. f3 Nxg3 13. hxg3 Qd6 14. Kf2 Bd7
15. f4 Rae8 16. Nf3 Na5 17. Qb1 Bxb5 18. Nxg5 Qg6 19. Qxg6+ fxg6 20. Rxh6 Rf6
21. Rah1 Kf8 22. Nh7+ Ke7 23. Nxf6 Kxf6 24. g4 Nc4 25. Rh7 Nd2 26. g3 Ne4+ 27.
Kg2 Nxc3 28. g5+ Kf5 29. Rf7+ Ke4 30. f5 Rg8 31. Rxc7 Be2 32. Rh6 Nd1 33. fxg6
Bf3+ 34. Kh3 Nxe3 35. g7 Bg4+ 36. Kh4 1-0

[Event "7MCRV_F"]
[Site "?"]
[Date "2007.??.??"]
[Round "?"]
[White "Nejtek, Jiri"]
[Black "Brousek, Jiri"]
[Result "1/2-1/2"]
[WhiteElo "2375"]
[BlackElo "2308"]
[PlyCount "89"]
[EventDate "2007.??.??"]
[EventType "corr"]
[SourceDate "2007.09.24"]

1. c4 e5 2. Nc3 Nf6 3. Nf3 Nc6 4. g3 Bc5 5. Bg2 d6 6. O-O O-O 7. d3 h6 8. a3 a5
9. e3 Bb6 10. b3 Bf5 11. h3 Qd7 12. Kh2 Bh7 13. Nh4 Rab8 14. Bb2 Rfe8 15. Qd2
Rbd8 16. Rae1 g5 17. Nf3 Qf5 18. Rd1 Qg6 19. Ng1 g4 20. Na4 gxh3 21. Bf3 d5 22.
Nxb6 cxb6 23. cxd5 Nxd5 24. e4 Nf6 25. Nxh3 Nd4 26. Bxd4 Rxd4 27. Qe3 Red8 28.
Kg2 Kg7 29. Rh1 Ng8 30. Be2 Qc6 31. Rc1 Rxd3 32. Bxd3 Rxd3 33. Qxd3 Bxe4+ 34.
f3 Bxd3 35. Rxc6 bxc6 36. Re1 f6 37. Rd1 Bf5 38. Rd6 Ne7 39. Nf2 Bc2 40. b4
axb4 41. axb4 Ba4 42. Rd7 Kf8 43. Ne4 Nd5 44. g4 Bc2 45. Rd6 1/2-1/2

[Event "7MCRV_F"]
[Site "?"]
[Date "2007.??.??"]
[Round "?"]
[White "Nejtek, Jiri"]
[Black "Jirku, Jaroslav"]
[Result "1/2-1/2"]
[WhiteElo "2375"]
[BlackElo "2299"]
[PlyCount "81"]
[EventDate "2007.??.??"]
[EventType "corr"]
[SourceDate "2007.09.24"]

1. c4 c5 2. Nf3 Nf6 3. g3 b6 4. Bg2 Bb7 5. O-O g6 6. Nc3 Bg7 7. d4 cxd4 8. Qxd4
Nc6 9. Qf4 Na5 10. b3 d5 11. Rd1 Qc8 12. Ba3 dxc4 13. b4 Nc6 14. Qxc4 a6 15.
Rac1 b5 16. Qh4 O-O 17. Ng5 h6 18. Nge4 Nxe4 19. Qxe4 e6 20. Qe3 Qb8 21. Nxb5
axb5 22. Bxc6 Bxc6 23. Rxc6 Rd8 24. Rd3 Qb7 25. Rc5 Bf8 26. Rcc3 Rd5 27. Qf3
Ra4 28. Rb3 Bg7 29. Rxd5 exd5 30. Kg2 Qa7 31. Bc1 Rxa2 32. Qxd5 Rxe2 33. Be3
Qa4 34. Rd3 Qxb4 35. Qf3 Ra2 36. Rd8+ Kh7 37. Rd7 Qc4 38. Qxf7 Qxf7 39. Rxf7
Kg8 40. Rb7 Ra5 41. Bc5 1/2-1/2

[Event "7MCRV_F"]
[Site "?"]
[Date "2007.??.??"]
[Round "?"]
[White "Nejtek, Jiri"]
[Black "Kostal, Jindrich"]
[Result "1-0"]
[WhiteElo "2375"]
[BlackElo "2338"]
[PlyCount "97"]
[EventDate "2007.??.??"]
[EventType "corr"]
[SourceDate "2007.09.24"]

1. c4 Nf6 2. d4 g6 3. Nc3 d5 4. cxd5 Nxd5 5. e4 Nxc3 6. bxc3 Bg7 7. Bc4 c5 8.
Ne2 Nc6 9. Be3 O-O 10. O-O Bd7 11. Rb1 Qc7 12. Bf4 Qc8 13. d5 Na5 14. Bd3 e5
15. Be3 f5 16. exf5 gxf5 17. f3 b6 18. Bg5 c4 19. Bc2 Qc5+ 20. Kh1 Qd6 21. Ng3
Nb7 22. Nh5 Bh8 23. Qe1 f4 24. Qh4 Rf7 25. g3 h6 26. gxf4 hxg5 27. Qxg5+ Kf8
28. Rg1 Re8 29. Bg6 Nd8 30. f5 Qxd5 31. Rg3 Qd6 32. Rb2 Bf6 33. Qe3 Bh4 34. Rd2
Qc6 35. Qh6+ Ke7 36. Nf4 exf4 37. Qxh4+ Qf6 38. Qxf4 Bxf5 39. Bxf5 Kf8 40. Rd1
Nc6 41. Rdg1 Re5 42. Rg8+ Ke7 43. Rc8 Qxf5 44. Rc7+ Kd6 45. Rxf7 Qxf4 46. Rxf4
b5 47. h4 Kd5 48. Re4 b4 49. cxb4 1-0

[Event "7MCRV_F"]
[Site "?"]
[Date "2007.??.??"]
[Round "?"]
[White "Nejtek, Jiri"]
[Black "Kuchta, Jiri"]
[Result "1-0"]
[WhiteElo "2375"]
[BlackElo "2244"]
[PlyCount "68"]
[EventDate "2007.??.??"]
[EventType "corr"]
[SourceDate "2007.09.24"]

1. c4 Nf6 2. d4 e6 3. Nc3 d5 4. cxd5 exd5 5. Bg5 c6 6. Qc2 Bd6 7. Nf3 O-O 8. e3
h6 9. Bh4 Re8 10. Bd3 Bg4 11. h3 Bxf3 12. gxf3 g5 13. Rg1 Nh5 14. Ne2 Kh8 15.
Bg6 Bb4+ 16. Kd1 fxg6 17. Qxg6 Re7 18. Qxh5 Rh7 19. Bg3 Nd7 20. h4 Qf6 21. a3
Bf8 22. Qg4 Rg7 23. hxg5 Qxg5 24. Qh3 Qf6 25. Bf4 Rf7 26. Kd2 c5 27. Qh5 Qf5
28. Rg5 Qh7 29. Rxd5 cxd4 30. Nxd4 Rxf4 31. exf4 Nb6 32. Rf5 Qg7 33. Ke2 Nd7
34. Rd1 Nf6 1-0

[Event "7MCRV_F"]
[Site "?"]
[Date "2007.??.??"]
[Round "?"]
[White "Nejtek, Jiri"]
[Black "Novak, Vratislav"]
[Result "1/2-1/2"]
[WhiteElo "2375"]
[BlackElo "2288"]
[PlyCount "37"]
[EventDate "2007.??.??"]
[EventType "corr"]
[SourceDate "2007.09.24"]

1. c4 e5 2. Nc3 Nf6 3. Nf3 Nc6 4. g3 d5 5. cxd5 Nxd5 6. Bg2 Nb6 7. O-O Be7 8.
d3 O-O 9. a3 Be6 10. b4 a5 11. b5 Nd4 12. Nd2 c6 13. bxc6 Nxc6 14. Rb1 Rb8 15.
Nf3 Nd5 16. Nxd5 Bxd5 17. Rb5 Na7 18. Rb1 Nc6 19. Rb5 1/2-1/2

[Event "7MCRV_F"]
[Site "?"]
[Date "2007.??.??"]
[Round "?"]
[White "Nejtek, Jiri"]
[Black "Strnad, Jiri"]
[Result "1/2-1/2"]
[WhiteElo "2375"]
[BlackElo "2258"]
[PlyCount "48"]
[EventDate "2007.??.??"]
[EventType "corr"]
[SourceDate "2007.09.24"]

1. c4 c5 2. g3 Nc6 3. Nc3 g6 4. Bg2 Bg7 5. Nf3 e6 6. O-O Nge7 7. d3 O-O 8. Bd2
d5 9. a3 b6 10. Rb1 dxc4 11. dxc4 Bb7 12. Qc2 Qd7 13. e3 Rad8 14. Rfd1 Qd3 15.
Qxd3 Rxd3 16. Be1 Rfd8 17. Rxd3 Rxd3 18. Rd1 Rxd1 19. Nxd1 e5 20. Bc3 e4 21.
Nd2 f5 22. f4 exf3 23. Nxf3 Nd8 24. Nd2 Bxg2 1/2-1/2

[Event "7MCRV_F"]
[Site "?"]
[Date "2007.??.??"]
[Round "?"]
[White "Nejtek, Jiri"]
[Black "Sykora, Josef"]
[Result "1/2-1/2"]
[WhiteElo "2375"]
[BlackElo "2366"]
[PlyCount "53"]
[EventDate "2007.??.??"]
[EventType "corr"]
[SourceDate "2007.09.24"]

1. c4 e5 2. Nc3 Nf6 3. Nf3 Nc6 4. g3 d5 5. cxd5 Nxd5 6. Bg2 Nb6 7. O-O Be7 8.
a3 O-O 9. b4 Be6 10. Rb1 f6 11. d3 a5 12. b5 Nd4 13. Nd2 Bd5 14. Nxd5 Nxd5 15.
Ne4 f5 16. e3 fxe4 17. exd4 exd4 18. Bb2 Nc3 19. Bxc3 dxc3 20. Bxe4 Qd4 21. Rc1
Bf6 22. Bxb7 Rab8 23. Bc6 g6 24. Kg2 Kg7 25. a4 Rbd8 26. Be4 Qb4 27. h4 1/2-1/2

[Event "7MCRV_F"]
[Site "?"]
[Date "2007.??.??"]
[Round "?"]
[White "Novak, Vratislav"]
[Black "Brousek, Jiri"]
[Result "1/2-1/2"]
[WhiteElo "2288"]
[BlackElo "2308"]
[PlyCount "59"]
[EventDate "2007.??.??"]
[EventType "corr"]
[SourceDate "2007.09.24"]

1. d4 e6 2. c4 Nf6 3. Nf3 b6 4. a3 Bb7 5. Nc3 d5 6. cxd5 Nxd5 7. Qc2 Nxc3 8.
bxc3 Be7 9. e4 Nd7 10. Bd3 c5 11. O-O Qc7 12. Qe2 O-O 13. a4 Rac8 14. Bb2 Rfd8
15. Rfe1 Nf8 16. g3 h6 17. Ne5 Nd7 18. Nc4 Bf6 19. Rec1 Nb8 20. a5 cxd4 21.
cxd4 Bxd4 22. Nxb6 Qe5 23. Rxc8 Bxc8 24. Nxc8 Bxb2 25. Rb1 Rxc8 26. Qxb2 Qxa5
27. Qb7 Qd8 28. Qxa7 Nc6 29. Qb7 Rc7 30. Qb3 1/2-1/2

[Event "7MCRV_F"]
[Site "?"]
[Date "2007.??.??"]
[Round "?"]
[White "Novak, Vratislav"]
[Black "Jandovsky, Viktor"]
[Result "1/2-1/2"]
[WhiteElo "2288"]
[BlackElo "2275"]
[PlyCount "51"]
[EventDate "2007.??.??"]
[EventType "corr"]
[SourceDate "2007.09.24"]

1. d4 Nf6 2. c4 g6 3. Nc3 Bg7 4. e4 d6 5. Nf3 O-O 6. Be2 e5 7. O-O Nc6 8. d5
Ne7 9. b4 Nh5 10. Re1 f5 11. Ng5 Nf6 12. f3 Kh8 13. Ne6 Bxe6 14. dxe6 Nh5 15.
c5 Nf4 16. cxd6 cxd6 17. Bxf4 exf4 18. Rc1 fxe4 19. fxe4 Qb6+ 20. Kh1 Rac8 21.
Nd5 Rxc1 22. Qxc1 Nxd5 23. exd5 Qxb4 24. Rf1 Be5 25. Qc7 f3 26. e7 1/2-1/2

[Event "7MCRV_F"]
[Site "?"]
[Date "2007.??.??"]
[Round "?"]
[White "Novak, Vratislav"]
[Black "Jirku, Jaroslav"]
[Result "1-0"]
[WhiteElo "2288"]
[BlackElo "2299"]
[PlyCount "89"]
[EventDate "2007.??.??"]
[EventType "corr"]
[SourceDate "2007.09.24"]

1. d4 d5 2. c4 e6 3. Nc3 Nf6 4. cxd5 exd5 5. Bg5 c6 6. e3 Nbd7 7. Bd3 Be7 8.
Qc2 Nh5 9. Bxe7 Qxe7 10. O-O-O Nb6 11. h3 g6 12. Kb1 Ng7 13. g4 Bd7 14. Nf3
O-O-O 15. a4 f6 16. a5 Nc4 17. a6 b5 18. Na2 Ne6 19. Qc3 Kb8 20. Rc1 Ka8 21.
Qb4 Qf7 22. b3 Rb8 23. Ka1 Rhc8 24. Bc2 c5 25. dxc5 Ne5 26. Nxe5 fxe5 27. Rhd1
Bc6 28. Qd2 b4 29. Nxb4 Nxc5 30. Kb2 Rb5 31. Nd3 Nd7 32. b4 Nb6 33. Bb3 Qf6 34.
Nc5 g5 35. Rc2 Kb8 36. Ka3 Qd6 37. f4 gxf4 38. exf4 exf4 39. Re1 Qf8 40. Ne6
Qd6 41. Nd4 Nc4+ 42. Bxc4 dxc4 43. Nxb5 Qxd2 44. Rxd2 Bxb5 45. Rd6 1-0

[Event "7MCRV_F"]
[Site "?"]
[Date "2007.??.??"]
[Round "?"]
[White "Novak, Vratislav"]
[Black "Kostal, Jindrich"]
[Result "1/2-1/2"]
[WhiteElo "2288"]
[BlackElo "2338"]
[PlyCount "93"]
[EventDate "2007.??.??"]
[EventType "corr"]
[SourceDate "2007.09.24"]

1. d4 Nf6 2. c4 g6 3. Nc3 d5 4. cxd5 Nxd5 5. e4 Nxc3 6. bxc3 Bg7 7. Nf3 c5 8.
Rb1 O-O 9. Be2 Qa5 10. O-O Qxa2 11. Bg5 Qe6 12. Qd3 h6 13. Bf4 f5 14. e5 g5 15.
d5 Qg6 16. Bd2 b6 17. Qc2 Bb7 18. Bc4 Qh5 19. e6 Na6 20. Rfe1 Nc7 21. d6 Qg4
22. Be2 exd6 23. h3 Qh5 24. e7 Rf6 25. Nxg5 Qe8 26. Bf3 Bc6 27. Bxc6 Qxc6 28.
Nf3 Re8 29. Nh4 f4 30. c4 d5 31. Nf5 Ne6 32. cxd5 Qxd5 33. Qa4 Nc7 34. Bxf4
Qxf5 35. Bxc7 Rxe7 36. Rxe7 Qxb1+ 37. Kh2 Qf5 38. Qxa7 Bf8 39. Qa2+ Rf7 40.
Rxf7 Qxf7 41. Qxf7+ Kxf7 42. Bxb6 c4 43. Be3 Ba3 44. Bxh6 c3 45. Kg3 c2 46. Kg4
Kg6 47. Bf4 1/2-1/2

[Event "7MCRV_F"]
[Site "?"]
[Date "2007.??.??"]
[Round "?"]
[White "Novak, Vratislav"]
[Black "Priesol, Daniel"]
[Result "1/2-1/2"]
[WhiteElo "2288"]
[BlackElo "2288"]
[PlyCount "62"]
[EventDate "2007.??.??"]
[EventType "corr"]
[SourceDate "2007.09.24"]

1. d4 Nf6 2. c4 e6 3. Nf3 b6 4. g3 Ba6 5. b3 Bb4+ 6. Bd2 Be7 7. Nc3 O-O 8. Bg2
c6 9. O-O d5 10. Ne5 Nfd7 11. Nd3 dxc4 12. bxc4 Bxc4 13. Bf4 Bf6 14. Nb2 Ba6
15. Be3 Be7 16. Re1 Nf6 17. Rc1 Bb4 18. Nd3 Bxc3 19. Rxc3 Nd5 20. Rc1 Nxe3 21.
fxe3 Qg5 22. Kf2 Bb7 23. Ne5 Rc8 24. Qb3 Qe7 25. Rc2 c5 26. Bxb7 Qxb7 27. dxc5
Na6 28. Nd3 Qc6 29. cxb6 Qxc2 30. b7 Rab8 31. bxc8=Q+ Qxc8 1/2-1/2

[Event "7MCRV_F"]
[Site "?"]
[Date "2007.??.??"]
[Round "?"]
[White "Novak, Vratislav"]
[Black "Pytlik, Lesek"]
[Result "1/2-1/2"]
[WhiteElo "2288"]
[BlackElo "2383"]
[PlyCount "77"]
[EventDate "2007.??.??"]
[EventType "corr"]
[SourceDate "2007.09.24"]

1. d4 Nf6 2. c4 g6 3. Nc3 Bg7 4. e4 d6 5. Nf3 O-O 6. Be2 e5 7. O-O Nc6 8. d5
Ne7 9. b4 Ne8 10. Nd2 f5 11. c5 a5 12. cxd6 Nxd6 13. b5 fxe4 14. Ndxe4 Nef5 15.
Bg5 Qe8 16. b6 cxb6 17. Rb1 Nxe4 18. Nxe4 h6 19. Be3 Nxe3 20. fxe3 Rxf1+ 21.
Bxf1 Qd8 22. d6 Kh7 23. Qd5 Bf5 24. Rd1 Qd7 25. Bb5 Bxe4 26. Bxd7 Bxd5 27. Rxd5
Bf6 28. Ba4 Rf8 29. Rb5 Rf7 30. Rxb6 Bg5 31. Rb3 Kg7 32. g3 Bd8 33. Kg2 Kf8 34.
d7 b6 35. Rc3 Rf6 36. Bb5 Ke7 37. a4 h5 38. h3 g5 39. Rc4 1/2-1/2